Statistics for Towns and cities with unusual names (vol. III)

Click here to take the quiz!

General Stats

  • This quiz has been taken 14 times
  • The average score is 10 of 20

Answer Stats

HintCountry% Correct
Moose JawCanada
100%
's-HertogenboschNetherlands
100%
ZugSwitzerland
92%
UusikaupunkiFinland
75%
WhakapapaNew Zealand
75%
Al-Gwei'iyyahSaudi Arabia
75%
CheesequakeUSA
75%
GrimnessUnited Kingdom
67%
Cox's BazarBangladesh
58%
Vailu'utaiSamoa
58%
Ingeniero MaschwitzArgentina
50%
BoSierra Leone
33%
PrrenjasAlbania
25%
Jolly HarbourAntigua and Barbuda
25%
Mohale's HoekLesotho
25%
MbandjockCameroon
17%
Mbocayty del YhaguyParaguay
17%
Basse Santa SuThe Gambia
17%
SsabagaboUganda
17%
Great CrayfishGrenada
8%

Score Distribution

Percentile by Number Answered

Percent of People with Each Score

Your Score History

You have not taken this quiz